Deutschland: Geografie mit Z - Statistiken

Allgemein
  • Dieses Quiz wurde 438 mal gespielt
  • Das Durchschnittsergebnis liegt bei 6 aus 12
Antwortstatistiken
Hinweis Antwort % Korrekt
Mit 2962 Metern der höchste Berg Deutschlands Zugspitze
99%
Stadt im Westen Sachsens mit dem KFZ-Kennzeichen "Z" Zwickau
86%
Ehemals wichtigster Bahnhof West-Berlins, der nach dem artenreichsten Tierpark der Welt benannt ist Bahnhof {Zoologischer} {Garten}
80%
Stadtteil von Köln, der wie ein Gliedermaßstab heißt Zollstock
59%
1986 geschlossenes Bergwerk in Essen, das heute zum Weltkulturerbe zählt Zeche {Zollverein}
56%
In Süddeutschland verbreitete Form von Kirchendächern (z. B. bei der Münchener Frauenkirche) {Zwiebel}turm
48%
Relativ wohlhabender Stadtteil im Westen Berlins, der zusammen mit Steglitz einen Bezirk bildet Zehlendorf
40%
Rheinland-pfälzische Stadt an der Grenze zum Saarland, die mit knapp 35.000 Einwohnern die kleinste kreisfreie Stadt Deutschlands ist Zweibrücken
39%
Wichtigste Einkaufsstraße in Frankfurt am Main Zeil
37%
Ein Teil einer Halbinsel an der Ostseeküste zwischen Rostock und Stralsund Fischland-Darß-{Zingst}
34%
Sächsische Stadt im Dreiländereck Deutschland-Polen-Tschechien Zittau
30%
Stadt in Sachsen-Anhalt zwischen Leipzig und Gera, die unter hoher Abwanderung zu leiden hat Zeitz
22%
Keine übereinstimmenden Quizze gefunden
Verteilung der Resultate
Anzahl Personen mit jedem Resultat
Perzentil nach korrekt beantworteten Fragen
Ihre Resultats-Entwicklung
Sie haben dieses Quiz noch nicht gespielt